000 nam a22 a 4500
999 _c1642
_d1642
003 AKMAL
005 20170511113347.0
008 170511s1999 my i 001 eng d
020 _a9679786978 (pbk.) :
_cRM25.00
040 _aAKMAL
_cAKMAL
082 0 4 _a330.95 MAH
_222
090 0 0 _a330.95
_bMAH
100 0 _aMahathir Mohamad,
_cTun,
_d1925-
_941
245 1 2 _aA new deal for Asia /
_cMahathir Mohamad
260 0 0 _aSubang Jaya :
_bPelanduk Publications ,
_c1999
300 0 0 _a155p. ;
_c22cm.
500 _aIncludes index
651 0 _aAsia
_xEconomic conditions
_y1945-
_92998
651 0 _aAsia
_xEconomic policy
_y1945-
_93345
651 0 _aAsia
_xPolitics and government
_y1945-
_93346
651 0 _aAsia
_xForeign economic relations
_993
942 _2ddc
_cBOOK